BIBLIOTECA

SENCICO

Operación y mantenimiento de redes de alcantarillado con equipo hidrojet / (Registro nro. 4423)

Detalles MARC
000 -LEADER
fixed length control field 01113nam a22002537a 4500
003 - CONTROL NUMBER IDENTIFIER
control field PE SENCICO BE
005 - DATE AND TIME OF LATEST TRANSACTION
control field 20251020182646.0
008 - FIXED-LENGTH DATA ELEMENTS--GENERAL INFORMATION
fixed length control field 231109b |||||||| |||| 00| 0 eng d
040 ## - CATALOGING SOURCE
Original cataloging agency PE SENCICO BE
Transcribing agency PE SENCICO BE
041 ## - LANGUAGE CODE
Language code of text/sound track or separate title spa
084 ## - OTHER CLASSIFICATION NUMBER
Classification number I
-- RED
-- 2018
Item number S21
100 1# - MAIN ENTRY--PERSONAL NAME
9 (RLIN) 1764
Personal name Santos Erazo, Julio Cesar
Relator term autor
245 1# - TITLE STATEMENT
Title Operación y mantenimiento de redes de alcantarillado con equipo hidrojet /
Statement of responsibility, etc. Julio Cesar Santos Erazo
260 ## - PUBLICATION, DISTRIBUTION, ETC.
Place of publication, distribution, etc. Lima :
Date of publication, distribution, etc. 2018
300 ## - PHYSICAL DESCRIPTION
Extent 21 h. :
Other physical details il. col., diagrs., tabls. ;
Dimensions 30 cm.
502 ## - DISSERTATION NOTE
Dissertation note Monografía de Titulación.-- Servicio Nacional de Capacitación para la Industria de la Construcción. Escuela Superior Técnica. Carrera Profesional Técnica en Redes de Agua Potable y Agua Residual, 2018
650 10 - SUBJECT ADDED ENTRY--TOPICAL TERM
9 (RLIN) 1733
Topical term or geographic name entry element Redes de distribución de agua
650 20 - SUBJECT ADDED ENTRY--TOPICAL TERM
9 (RLIN) 1763
Topical term or geographic name entry element Sistema de agua potable y alcantarillado
650 20 - SUBJECT ADDED ENTRY--TOPICAL TERM
9 (RLIN) 1755
Topical term or geographic name entry element Alcantarillado
650 20 - SUBJECT ADDED ENTRY--TOPICAL TERM
9 (RLIN) 96
Topical term or geographic name entry element Seguridad industrial
710 1# - ADDED ENTRY--CORPORATE NAME
Corporate name or jurisdiction name as entry element Servicio Nacional de Capacitación para la Industria de la Construcción.
Subordinate unit Escuela Superior Técnica
9 (RLIN) 1065
910 ## - USER-OPTION DATA (OCLC)
-- hfp
-- hfp
942 ## - ADDED ENTRY ELEMENTS (KOHA)
Koha item type Monografía de Titulación
Existencias
Fecha de la última vez que lo usaron Número de ingreso o de inventario Pago total Signatura topográfica completa Código de barras Precio efectivo desde Tipo de documento Estado perdido Estado dañado No es para préstamo Retirado Ubicación permanente Ubicación actual Fecha de adquisición
09/11/2023 I-00247   I/RED/2018/S21 BibLima23110010 09/11/2023 Monografía de Titulación         Biblioteca Central Lima Biblioteca Central Lima 09/11/2023